000 00319nam a2200133Ia 4500
082 _a615
_bP12C
100 _aCLARK, MICHELE, A.
245 _aLIPPINCOTT,S ILLUSTRATWED REVIEWS PHARMACOLOGY
250 _a5TH
260 _bWOLTERS KLUWER
_aDELHI
_c2012
300 _a1-612
650 _aPHARMACOLOGY
942 _2ddc
_cBK
_07
999 _c1311
_d1311